Подробности
| 000 -МАРКЕР |
| контрольное поле |
02514nam0a22003971 4500 |
| 001 - ИДЕНТИФИКАТОР ЗАПИСИ |
| контрольное поле |
rc\159536 |
| 005 - ИДЕНТИФИКАТОР ВЕРСИИ |
| контрольное поле |
20260406101438.0 |
| 010 ## - МЕЖДУНАРОДНЫЙ СТАНДАРТНЫЙ НОМЕР КНИГИ (ISBN) |
| Номер (ISBN) |
5-87014-034-Х |
| Уточнения |
Фирма "ВиМо" |
| Тираж |
20000 |
| 035 ## - ДРУГИЕ СИСТЕМНЫЕ НОМЕРА |
| Идентификатор записи |
(NLR Aleph) 005425412 |
| 100 ## - ДАННЫЕ ОБЩЕЙ ОБРАБОТКИ |
| Данные общей обработки |
20030307d1995 |||y0rusy50 ca |
| 101 0# - ЯЗЫК РЕСУРСА |
| Язык текста, звукозаписи и т.д. |
русский |
| 102 ## - СТРАНА ПУБЛИКАЦИИ ИЛИ ПРОИЗВОДСТВА |
| Страна публикации |
Российская Федерация |
| 105 ## - ПОЛЕ КОДИРОВАННЫХ ДАННЫХ: ТЕКСТОВЫЕ МАТЕРИАЛЫ, МОНОГРАФИЧЕСКИЕ |
| Кодированные данные о монографическом текстовом документе |
a ||||||||| |
| 200 1# - ЗАГЛАВИЕ И СВЕДЕНИЯ ОБ ОТВЕТСТВЕННОСТИ |
| Основное заглавие |
Избранное |
| Сведения, относящиеся к заглавию |
Романы, повести, эссе, рассказы, автобиография |
| -- |
[Пер. с англ.] |
| Первые сведения об ответственности |
Генри Миллер |
| Последующие сведения об ответственности |
[Ред. совет: В. Кудин и др. |
| -- |
Послесл. и составление Н. Пальцева |
| -- |
Худож. С. Лузинас] |
| 210 ## - ПУБЛИКАЦИЯ, РАСПРОСТРАНЕНИЕ И ДР. |
| Место издания, распространения и т.д. |
М. |
| Имя издателя, распространителя и т. д. |
Фирма "ВиМо" |
| Место издания, распространения и т.д. |
Вильнюс |
| Имя издателя, распространителя и т. д. |
Полина |
| Дата издания, распространения и т.д. |
1995 |
| 215 ## - ФИЗИЧЕСКАЯ ХАРАКТЕРИСТИКА |
| Специфическое обозначение материала и объем |
748, [2] с. |
| Другие сведения о физической характеристике |
ил. |
| Размеры |
22 |
| 225 1# - СЕРИЯ |
| Основное заглавие серии |
Короли литературных скандалов |
| 327 1# - ПРИМЕЧАНИЯ О СОДЕРЖАНИИ |
| Текст примечания |
Содерж.: Романы: Тропик Козерога; Черная весна; Повести: Тихие дни в Клиши; Мара из Мариньяна; Рассказы: Мадемуазель Клод; Дьеп - Нью-Хэвен; Астрологическое фрикасе; Эссе: Размышления о писательстве; Мудрость сердца; Моя жизнь и моя эпоха: Автобиография |
| 464 #0 - АНАЛИТИЧЕСКИЙ УРОВЕНЬ |
| Встроенное поле |
2001#$aТропик Козерога |
| Заглавие |
Тропик Козерога |
| 464 #0 - АНАЛИТИЧЕСКИЙ УРОВЕНЬ |
| Встроенное поле |
2001#$aЧерная весна |
| Заглавие |
Черная весна |
| 464 #0 - АНАЛИТИЧЕСКИЙ УРОВЕНЬ |
| Встроенное поле |
2001#$aТихие дни в Клиши |
| Заглавие |
Тихие дни в Клиши |
| 464 #0 - АНАЛИТИЧЕСКИЙ УРОВЕНЬ |
| Встроенное поле |
2001#$aМара из Мариньяна |
| Заглавие |
Мара из Мариньяна |
| 464 #0 - АНАЛИТИЧЕСКИЙ УРОВЕНЬ |
| Встроенное поле |
2001#$aМадемуазель Клод |
| Заглавие |
Мадемуазель Клод |
| 464 #0 - АНАЛИТИЧЕСКИЙ УРОВЕНЬ |
| Встроенное поле |
2001#$aДьеп - Нью-Хэвен |
| Заглавие |
Дьеп - Нью-Хэвен |
| 464 #0 - АНАЛИТИЧЕСКИЙ УРОВЕНЬ |
| Встроенное поле |
2001#$aАстрологическое фрикасе |
| Заглавие |
Астрологическое фрикасе |
| 464 #0 - АНАЛИТИЧЕСКИЙ УРОВЕНЬ |
| Встроенное поле |
2001#$aРазмышления о писательстве |
| Заглавие |
Размышления о писательстве |
| 464 #0 - АНАЛИТИЧЕСКИЙ УРОВЕНЬ |
| Встроенное поле |
2001#$aМудрость сердца |
| Заглавие |
Мудрость сердца |
| 464 #0 - АНАЛИТИЧЕСКИЙ УРОВЕНЬ |
| Встроенное поле |
2001#$aМоя жизнь и моя эпоха |
| Заглавие |
Моя жизнь и моя эпоха |
| 700 #1 - ИМЯ ЛИЦА - ПЕРВИЧНАЯ ОТВЕТСТВЕННОСТЬ |
| Код отношения |
Автор |
| Графика поля |
Кириллица |
| Материалы, к которым относится поле |
rus |
| Начальный элемент ввода |
Миллер |
| Часть имени, кроме начального элемента ввода |
Г. |
| Даты |
1891-1980 |
| Расширение инициалов личного имени |
Генри |
| Системный номер авторитетной/нормативной записи |
62966 |
| Идентификатор авторитетной/нормативной записи |
RU\NLR\auth\7780038 |
| 702 #1 - ИМЯ ЛИЦА - ВТОРИЧНАЯ ОТВЕТСТВЕННОСТЬ |
| Начальный элемент ввода |
Кудин |
| Часть имени, кроме начального элемента ввода |
В. |
| Код отношения |
Редактор |
| 801 #0 - ИСТОЧНИК ЗАПИСИ |
| Страна |
Российская Федерация |
| Организация |
NLR |
| Правила каталогизации |
psbo |
| 801 #1 - ИСТОЧНИК ЗАПИСИ |
| Страна |
Российская Федерация |
| Организация |
ELAR |
| Источник данных |
rusmarc |
| 852 ## - МЕСТОНАХОЖДЕНИЕ И ШИФР ХРАНЕНИЯ |
| Идентификатор организации |
NLR |
| Шифр хранения (Call Number) |
95-3/3027 |
| 942 ## - ДОПОЛНИТЕЛЬНЫЕ ЭЛЕМЕНТЫ ЗАПИСИ (АБИС) |
| Тип экземпляра АБИС |
Книга |
| 980 ## - КОЛЛЕКЦИЯ |
| Название коллекции |
Национальная библиография |